| 000 | 00401nam a22001457a 4500 | ||
|---|---|---|---|
| 999 |
_c8109 _d8109 |
||
| 003 | OSt | ||
| 005 | 20200804132417.0 | ||
| 008 | 200804b ||||| |||| 00| 0 eng d | ||
| 020 | _a9781138996137 | ||
| 082 |
_a363.6 _bGUY |
||
| 100 | _aGuy, Simon | ||
| 110 | _aMarvin, Simon, 1963 | ||
| 245 | _aShaping urban infrastructures : intermediaries and the governance of socio-technical networks | ||
| 942 | _2ddc | ||